01010nam a22002535i 450000100060000000300090000600500170001500700030003200800410003502000180007608000230009410000240011724501840014126000640032530000210038949000250041050001280043550000140056365000430057770000290062071000600064983000250070985200220073411720ES-MaACL20250730050650.0t|941103s1994 sp |||| | spa j a84-7846-238-4 a9(=924:460)"13/15"1 aNetanyahu, Benzion.14aLos marranos españoles b: desde fines del siglo XIV a principios del XVI según las fuentes hebreas de la época / cBenzion Netanyahu ; traducción, Ciriaco Morón Arroyo. a[Valladolid] : bConsejería de Cultura y Turismo, c1994. a242 p ; c25 cm.1 aEstudios de historia a"Traducido de la primera edición con las adiciones de la segunda y pequeñas correcciones para esta versión"--V. port. aÍndice.17aJudeoconversos-zEspaña-vHistoria21 aMorón Arroyo, Ciriaco.1 aCastilla y León. bConsejería de Cultura y Turismo.0 aEstudios de historia aES-MaACLjL-19089